| 000 | 00820nas a2200289 4500 | ||
|---|---|---|---|
| 001 | BR7806258 | ||
| 003 | BR-BrBNA | ||
| 005 | 20231205083534.0 | ||
| 007 | ta | ||
| 008 | 230509b bl.|||p| |||| 00| 00por d | ||
| 040 |
_aBR-BrBNA _bpor _cBiblioteca Nacional de Agricultura |
||
| 041 | _a(Pt) | ||
| 072 | _aL10; L74 | ||
| 100 | 1 | _aGallargher, R.M. | |
| 245 | 1 | _aO que determina um baixo percentual de paricao? [vaca leiteira] | |
| 650 | _aVACA LEITEIRA | ||
| 650 | _aPRENHEZ | ||
| 650 | _aPARTO | ||
| 650 | _aFERTILIDADE ANIMAL | ||
| 650 | _aDEFICIENCIA NUTRICIONAL | ||
| 650 | _aMANEJO | ||
| 650 | _aLACTACAO | ||
| 650 | _aDEFICIENCIA MINERAL | ||
| 773 | 0 |
_tGranja (Brazil) _xISSN 0367-505X _g(Sep 1978), v. 34(368) p. 65-68 _wBR7806258 |
|
| 909 |
_a202311 _bLúcia _c55 _dLúcia Elande |
||
| 942 |
_2AGRIS _n0 _cANA |
||
| 999 |
_c99514 _d99514 |
||